Herder in Niedersachsen: zum 200. Jahrestag seiner Ankunft in Bückeburg

Saved in:  
Bibliographic Details
Main Author: Heutger, Nicolaus 1932-2008 (Author)
Format: Print Book
Language:German
Subito Delivery Service: Order now.
Check availability: HBZ Gateway
WorldCat: WorldCat
Interlibrary Loan:Interlibrary Loan for the Fachinformationsdienste (Specialized Information Services in Germany)
Published: Hildesheim Lax 1978
In:Year: 1978
Edition:2. Aufl
Standardized Subjects / Keyword chains:B Herder, Johann Gottfried von 1744-1803 / Bückeburg
Further subjects:B Lower Saxony
Sammlungen:

MARC

LEADER 00000cam a2200000 c 4500
001 01337155X
003 DE-627
005 20240902120653.0
007 tu
008 841126s1978 gw ||||| 00| ||ger c
020 |a 3784840183  |9 3-7848-4018-3 
035 |a (DE-627)01337155X 
035 |a (DE-576)9013371558 
035 |a (DE-599)GBV01337155X 
035 |a (OCoLC)46075859 
040 |a DE-627  |b ger  |c DE-627  |e rakwb 
041 |a ger 
044 |c XA-DE 
084 |a 1  |2 ssgn 
084 |a 18.10  |2 bkl 
100 1 |0 (DE-588)123760275  |0 (DE-627)082750998  |0 (DE-576)280416326  |4 aut  |a Heutger, Nicolaus  |d 1932-2008 
109 |a Heutger, Nicolaus 1932-2008  |a Heutger, N. 1932-2008  |a Heutger, Nicolaus C. 1932-2008  |a Heutger, Nikolaus Karl 1932-2008  |a Heutger, Nicolaus Carl 1932-2008 
245 1 0 |a Herder in Niedersachsen  |b zum 200. Jahrestag seiner Ankunft in Bückeburg  |c von Nicolaus Heutger 
250 |a 2. Aufl 
264 1 |a Hildesheim  |b Lax  |c 1978 
300 |a XII, 122 S  |b Ill 
336 |a Text  |b txt  |2 rdacontent 
337 |a ohne Hilfsmittel zu benutzen  |b n  |2 rdamedia 
338 |a Band  |b nc  |2 rdacarrier 
505 8 |a Literaturverz. S. 109 - 112 
601 |a Niedersachsen 
601 |a Jahrestag 
601 |a Ankunft 
651 7 |0 (DE-588)4042226-4  |0 (DE-627)106215507  |0 (DE-576)209049227  |a Niedersachsen  |2 gnd 
689 0 0 |d p  |0 (DE-588)118549553  |0 (DE-627)133366979  |0 (DE-576)161391192  |2 gnd  |a Herder, Johann Gottfried von  |d 1744-1803 
689 0 1 |d g  |0 (DE-588)4008715-3  |0 (DE-627)10636670X  |0 (DE-576)208877843  |2 gnd  |a Bückeburg 
689 0 |5 (DE-627) 
889 |w (DE-627)074897586 
935 |a RFBW  |a mteo 
936 b k |a 18.10  |j Deutsche Literatur  |0 (DE-627)106405047 
951 |a BO 
ELC |b 1 
LOK |0 000 xxxxxcx a22 zn 4500 
LOK |0 001 4488214053 
LOK |0 003 DE-627 
LOK |0 004 01337155X 
LOK |0 005 20240902115438 
LOK |0 008 240220||||||||||||||||ger||||||| 
LOK |0 040   |a DE-Tue135  |c DE-627  |d DE-Tue135 
LOK |0 092   |o n 
LOK |0 852   |a DE-Tue135 
LOK |0 852 1  |9 00 
LOK |0 866   |x SPQUE#Reformationsgeschichtliche Forschungsbibliothek Wittenberg#SPSAM#Predigerseminar#SPUSM#Bestand(1952-2017) 
LOK |0 935   |a RFBW  |a bips  |a psnb 
LOK |0 939   |a 20-02-24  |b l01 
ORI |a SA-MARC-ixtheoa001.raw 
STA 0 0 |a Lower Saxony,Lower Saxony,Lower Saxony,Lower Saxony,Niedersachsen 
SYF 0 0 |a Lower Saxony,Land Niedersachsen 
SYG 0 0 |a Herder, J. G.,1744-1803,Herder, J. G. von,1744-1803,Herder, J. G. v.,1744-1803,Heerde, J. G.,1744-1803,Herder, Joh. Gottfried,1744-1803,Herder, Joh. Gottfr. von,1744-1803,Herder, Joh. Gottfr. v.,1744-1803,Herder, Joh. Gottfr.,1744-1803,Herder, J. Gottfried,1744-1803,Herder, Joh. Ge. von,1744-1803,Herder, Johan Gotfrid,1744-1803,Herder, Gottfried,1744-1803,Herder, Gottfried v.,1744-1803,Herder, G. v.,1744-1803,Herder,1744-1803,Herder, John Godfrey,1744-1803,Herder, Giovanni Goffredo,1744-1803,Herder, Yôhan Gôtfrîd fôn,1744-1803,Herder, Juan Godofredo de,1744-1803,Gerder, Jogann Gotfrid,1744-1803,Gerder, Iogann Gotfrid,1744-1803,Gerder, Iogann G.,1744-1803,Gerder, I. G.,1744-1803,Gerder,1744-1803,Herder, Johann,1744-1803,Herder, Joh. Gottfr.,1744-1803,Herder, J. J.,1744-1803,Herder, M. J. J.,1744-1803,Heerder,1744-1803,Herder, Joannus Godofredus,1744-1803,Herderus, Joannus Godofredus,1744-1803,Hearde, J. G.,1744-1803,Von Herder, Johann Gottfried,1744-1803,Herder, Johann George,1744-1803,Herder, I. G. v.,1744-1803,Herder, Johann Gottfried,1744-1803,Heteer,1744-1803,He'erde, J. G.,1744-1803,Cherder, Jochan Gotfrid,1744-1803 , Stadt Bückeburg,Buckebourg